| 000 | 00624nam a2200169 i 4500 | ||
|---|---|---|---|
| 001 | 29243 | ||
| 003 | ES-MaACL | ||
| 005 | 20230906154010.0 | ||
| 007 | t| | ||
| 008 | 030121s1887 fr ||||1| fre d | ||
| 100 | 1 |
_aBarety, A. _925626 |
|
| 245 | 1 | 3 |
_aLe magnétisme animal étudié sous le nom de force neurique rayonnante et circulante, dans ses propriétés physiques, physiologiques et thérapeutiques / _cpar A. Barety. |
| 260 |
_aParís : _bOctave Doin, etc., _c1887 ( _eBourloton : _fImp. Reunies) |
||
| 300 |
_aXVI, 662 p. : _bil. ; _c24 cm. |
||
| 650 | 4 |
_aMagnetismo personal. _9136450 |
|
| 852 |
_aES-MaACL _jF-12035 |
||
| 999 |
_c29243 _d29243 |
||